00622nam a22002177a 450000500170000001000150001702000260003203500140005803700130007208200100008524500840009526000330017927000430021230000350025550000230029070000150031370000180032870000160034670000250036270000170038720181204110913.0 aENG-121342 c995.00a9789387225053 aEN-104874 bDBAD/PUB a363.700aGreen technologies for environmental security /cedited by Bina Rani...[et. al] aAgrabSunjoy Publisherc2017 aB-51, Kamla Nagar, bAgra (UP)e282005 aix, 299 p. :c23 cm(pbk)bill. aIncludes reference aRani, Bani aAbid, Murtaza aSingh, Upma aKhan, M.M. Abid Ali  aPandey, S.N.